| 000 | 00692nam a2200217Ia 4500 | ||
|---|---|---|---|
| 003 | OSt | ||
| 005 | 20220926021730.0 | ||
| 006 | a|||||r|||| 00| 0 | ||
| 007 | ta | ||
| 008 | 220923b |||||||| |||| 00| 0 eng d | ||
| 037 | _cGeneral Book | ||
| 040 |
_aRTL _cRTL _beng |
||
| 041 |
_2eng _aeng |
||
| 082 | _aVIN45,933:8.N75, L5 | ||
| 245 | 0 | _aFirst to twenty-fourth reports on the programme budget for the Biennium 1974 | |
| 260 |
_aNew York _bUnited Nations _c1975 |
||
| 300 |
_avi, 118p _ccm. |
||
| 490 | _aGeneral assembly official records: 29th session, Supp. no.8 (A/9608 Add/-23) | ||
| 942 |
_hVIN45,933:8.N75, L5 _cGB _2CC |
||
| 999 |
_c637531 _d637531 |
||